Online
Catalog

Narradores colombianos en U.S.A. : (Record no. 20696)

MARC details
000 -CABECERA
campo de control de longitud fija 01266nam a2200361 a 4500
001 - NÚMERO DE CONTROL
campo de control 000021195
005 - FECHA Y HORA DE LA ÚLTIMA TRANSACCIÓN
campo de control 20200930011247.0
008 - DATOS DE LONGITUD FIJA--INFORMACIÓN GENERAL
campo de control de longitud fija 100901s1993 ck r 000 j spa d
020 ## - NÚMERO INTERNACIONAL ESTÁNDAR DEL LIBRO
Número Internacional Estándar del Libro 9586121216
040 ## - FUENTE DE LA CATALOGACIÓN
Centro catalogador/agencia de origen DO-SdBNP
Lengua de catalogación spa
Centro/agencia transcriptor BNPHU
082 ## - NÚMERO DE LA CLASIFICACIÓN DECIMAL DEWEY
Número de clasificación Co863.44
Número de documento/Ítem M939n
245 00 - MENCIÓN DE TÍTULO
Título Narradores colombianos en U.S.A. :
Resto del título antología /
Mención de responsabilidad, etc. Eduardo Márceles Daconte... [et al].
260 ## - PUBLICACIÓN, DISTRIBUCIÓN, ETC.
Lugar de publicación, distribución, etc. Bogotá, (Colombia) :
Nombre del editor, distribuidor, etc. Escritores Colombianos en la Diáspora,
Fecha de publicación, distribución, etc. 1993.
300 ## - DESCRIPCIÓN FÍSICA
Extensión 236 p. ;
Dimensiones 20 cm.
490 ## - MENCIÓN DE SERIE
Mención de serie Colombianos en la Diáspora
Designación de volumen o secuencia 1
500 ## - NOTA GENERAL
Nota general Incluye bi-bibliografías
650 #4 - PUNTO DE ACCESO ADICIONAL DE MATERIA--TÉRMINO DE MATERIA
Término de materia o nombre geográfico como elemento de entrada Cuentos colombianos
9 (RLIN) 21475
650 #4 - PUNTO DE ACCESO ADICIONAL DE MATERIA--TÉRMINO DE MATERIA
Término de materia o nombre geográfico como elemento de entrada Literatura colombiana
9 (RLIN) 1244
650 #4 - PUNTO DE ACCESO ADICIONAL DE MATERIA--TÉRMINO DE MATERIA
Término de materia o nombre geográfico como elemento de entrada Autores colombianos
Subdivisión general Biografías
9 (RLIN) 1805
700 1# - PUNTO DE ACCESO ADICIONAL--NOMBRE DE PERSONA
Nombre de persona Zalamea, Luis.
9 (RLIN) 44307
700 1# - PUNTO DE ACCESO ADICIONAL--NOMBRE DE PERSONA
Nombre de persona Trezza, Vicente.
9 (RLIN) 44308
700 1# - PUNTO DE ACCESO ADICIONAL--NOMBRE DE PERSONA
Nombre de persona Márceles Daconte.
9 (RLIN) 44309
700 1# - PUNTO DE ACCESO ADICIONAL--NOMBRE DE PERSONA
Nombre de persona Vega Jácome.
9 (RLIN) 44310
700 1# - PUNTO DE ACCESO ADICIONAL--NOMBRE DE PERSONA
Nombre de persona Romero, Armando.
9 (RLIN) 44311
700 1# - PUNTO DE ACCESO ADICIONAL--NOMBRE DE PERSONA
Nombre de persona Fálquez-Certain, Miguel.
9 (RLIN) 43073
700 1# - PUNTO DE ACCESO ADICIONAL--NOMBRE DE PERSONA
Nombre de persona Garrido, Plinio.
9 (RLIN) 44312
700 1# - PUNTO DE ACCESO ADICIONAL--NOMBRE DE PERSONA
Nombre de persona Manrique, Jaime.
9 (RLIN) 44313
700 1# - PUNTO DE ACCESO ADICIONAL--NOMBRE DE PERSONA
Nombre de persona González, Tomás.
9 (RLIN) 44314
700 1# - PUNTO DE ACCESO ADICIONAL--NOMBRE DE PERSONA
Nombre de persona Fiorillo, Heriberto.
9 (RLIN) 44315
700 1# - PUNTO DE ACCESO ADICIONAL--NOMBRE DE PERSONA
Nombre de persona Martínez Palau, Silvio.
9 (RLIN) 44316
700 1# - PUNTO DE ACCESO ADICIONAL--NOMBRE DE PERSONA
Nombre de persona Arango Franco, Alfredo.
9 (RLIN) 44317
700 1# - PUNTO DE ACCESO ADICIONAL--NOMBRE DE PERSONA
Nombre de persona Romero de Mosquera, Freda.
9 (RLIN) 44318
Holdings
Estado de retiro Estado de pérdida Restricciones de uso No para préstamo Código de colección Localización permanente Ubicación/localización actual Ubicación en estantería Fecha de adquisición Número de inventario Total de préstamos Signatura topográfica completa Código de barras Fecha visto por última vez Precio válido a partir de Tipo de ítem Koha
        Monografías: Libros y Folletos General General En catalogación 01.09.2010 LF1   Co863.44 M939n 21195-10 25.06.2020 25.06.2020 Préstamo en sala

Powered by Koha